书目信息 |
| 题名: |
分形理论及其在分子科学中的应用
|
|
| 作者: | 李后强 著 | |
| 分册: | ||
| 出版信息: | 北京 科学出版社 1993.12 |
|
| 页数: | 331页 | |
| 开本: | 32开 | |
| 丛书名: | 博士丛书 | |
| 单 册: | ||
| 中图分类: | O415.5 | |
| 科图分类: | ||
| 主题词: | 理论物理学 | |
| 电子资源: | ||
| ISBN: | 7-03-003986-6 | |
| 000 | 00660nam0 2200217 45 | |
| 001 | 0106181535 | |
| 005 | 20031219104050.5 | |
| 010 | @a7-03-003986-6@dCNY16.50 | |
| 100 | @a20010618d1993 km y0chiy0120 ea | |
| 101 | 0 | @achi |
| 105 | @a z 000yy | |
| 200 | 1 | @a分形理论及其在分子科学中的应用@AFen Xing Li Lun Ji Qi Zai Fen Zi Ke Xue Zhong De Ying Yong@f李后强,汪富泉著@FLi Hou Qiang,Wang Fu Quan Zhu |
| 210 | @a北京@c科学出版社@d1993.12 | |
| 215 | @a331页@d32开 | |
| 225 | @a博士丛书 | |
| 410 | @12001 @a博士丛书 | |
| 606 | 0 | @a理论物理学 |
| 690 | @aO415.5@v4 | |
| 701 | @a李后强@4著 | |
| 801 | @aCN@bTSTC@c20010618 | |
| 905 | @b298449-453@dO415.5@e69@f5 | |
| 分形理论及其在分子科学中的应用/李后强,汪富泉著.-北京:科学出版社,1993.12 |
| 331页;32开.-(博士丛书) |
| ISBN 7-03-003986-6:CNY16.50 |
| ● |
| 相关链接 |
|
|
|
|
正题名:分形理论及其在分子科学中的应用
索取号:O415.5/69
 
预约/预借
| 序号 | 登录号 | 条形码 | 馆藏地/架位号 | 状态 | 备注 |
| 1 | 0298449 | 202984495 | 第三借阅区/ [索取号:O415.5/69] | 在馆 | |
| 2 | 0298450 | 202984501 | 第三借阅区/ [索取号:O415.5/69] | 在馆 | |
| 3 | 0298451 | 202984510 | 第三借阅区/ [索取号:O415.5/69] | 在馆 | |
| 4 | 0298452 | 202984529 | 第三借阅区/ [索取号:O415.5/69] | 在馆 | |
| 5 | 0298453 | 202984538 | 第二样本阅览室/ [索取号:O415.5/69] | 在馆 |